000
00335pab a2200133 454500
008
180718b xxu||||| |||| 00| 0 eng d
100
_a
Bhagwat Niloufer
245
_a
Judical accountability
362
_a
16(2), Jun 1994, p.27-38
650
_a
Judgements
650
_a
Judicial Process
773
_a
Man and Development
909
_a
27400
999
_c
27400
_d
27400